Mukaddes cildin parçalanışı (Record no. 21187)

000 -LEADER
fixed length control field 00873nmm a2200277 a 4500
001 - CONTROL NUMBER
control field ocm0002347252
003 - CONTROL NUMBER IDENTIFIER
control field TR-IsHL
005 - DATE AND TIME OF LATEST TRANSACTION
control field 20201028184834.0
008 - FIXED-LENGTH DATA ELEMENTS--GENERAL INFORMATION
fixed length control field 190530s2017 tu tur
007 - PHYSICAL DESCRIPTION FIXED FIELD--GENERAL INFORMATION
fixed length control field cr cn
020 ## - INTERNATIONAL STANDARD BOOK NUMBER
International Standard Book Number 9786051431789
035 ## - SYSTEM CONTROL NUMBER
System control number 2347252
-- (N$T)
050 04 - LIBRARY OF CONGRESS CALL NUMBER
Classification number PL248.T67
Item number M85 2017
090 04 - LOCALLY ASSIGNED LC-TYPE CALL NUMBER (OCLC); LOCAL CALL NUMBER (RLIN)
Classification number (OCLC) (R) ; Classification number, CALL (RLIN) (NR) PL248.T67
Local cutter number (OCLC) ; Book number/undivided call number, CALL (RLIN) M85 2017
100 1# - MAIN ENTRY--PERSONAL NAME
Personal name Topal, Semra
245 10 - TITLE STATEMENT
Title Mukaddes cildin parçalanışı
Medium [electronic resource] /
Statement of responsibility, etc. Semra Topal
250 ## - EDITION STATEMENT
Edition statement 2. Basım
260 ## - PUBLICATION, DISTRIBUTION, ETC.
Place of publication, distribution, etc. İstanbul :
Name of publisher, distributor, etc. KAFEKÜLTÜR Yayıncılık ,
Date of publication, distribution, etc. 2017
300 ## - PHYSICAL DESCRIPTION
Extent 242 p.
650 #4 - SUBJECT ADDED ENTRY--TOPICAL TERM
Topical term or geographic name entry element Dil ve Edebiyat
650 #4 - SUBJECT ADDED ENTRY--TOPICAL TERM
Topical term or geographic name entry element Language and Literature
650 #0 - SUBJECT ADDED ENTRY--TOPICAL TERM
Topical term or geographic name entry element Türk romanı
650 #0 - SUBJECT ADDED ENTRY--TOPICAL TERM
Topical term or geographic name entry element Turkish fiction
650 #7 - SUBJECT ADDED ENTRY--TOPICAL TERM
Topical term or geographic name entry element LITERARY COLLECTIONS / Middle Eastern
Source of heading or term bisacsh
856 40 - ELECTRONIC LOCATION AND ACCESS
Uniform Resource Identifier <a href="http://search.ebscohost.com/login.aspx?direct=true&scope=site&db=e011xww&AN=2347252">http://search.ebscohost.com/login.aspx?direct=true&scope=site&db=e011xww&AN=2347252</a>
Holdings
Withdrawn status Lost status Source of classification or shelving scheme Damaged status Not for loan Collection code Permanent Location Current Location Date acquired Total Checkouts Full call number Barcode Date last seen Price effective from Koha item type
        Online   Kıbrıs Amerikan Üniversitesi Kütüphanesi / American University of Cyprus Kıbrıs Amerikan Üniversitesi Kütüphanesi / American University of Cyprus 28.10.2020   PL248.T67 M85 2017 2347252 28.10.2020 28.10.2020 E-Kitap
Devinim Yazılım Eğitim Danışmanlık tarafından Koha'nın orjinal sürümü uyarlanarak geliştirilip kurulmuştur.